| 000 | 00813cam a2200205 a 4500 | ||
|---|---|---|---|
| 020 | _a0195799585 | ||
| 082 | _a954.3092 | ||
| 100 | 1 |
_aSultaan, Abida, _d1913-2002. |
|
| 245 | 1 | 0 |
_aMemoirs of a rebel princess _cAbida Sultaan ; foreword by Sahabzada Yaqub-Khan ; introduction by Siobhan Lambert-Hurley. |
| 260 |
_aKarachi : _bOxford University Press, _c2004. |
||
| 300 |
_alv, 315 p. : _bill., map ; _c23 cm. |
||
| 504 | _aIncludes bibliographical references and index. | ||
| 650 | 0 |
_aPrincesses _981866 |
|
| 942 |
_2ddc _cBK |
||
| 999 |
_c586248 _d586248 |
||